Science General Knowledge Quiz #1 - Statistics

General Stats
  • This quiz has been taken 109 times
  • The average score is 6 of 9
Answer Stats
Hint Answer % Correct
Does air contain nitrogen? Yes
92%
Chemical symbol of Iron. Fe
87%
Which gas does a plant absorb during photosynthesis? Carbon Dioxide
86%
What type of energy shows motion? Kinetic/Mechanical
83%
Einstien,The famous scientist was born in which country? Austria
79%
The energy which we get from the sun Solar
65%
A frog breathes through it _____ Gills
43%
The force which helps objects float in water Buoyant
21%
The force which acts against motion Frictional
5%
No matching quizzes found
Score Distribution
Percent of People with Each Score
Percentile by Number Answered
Your Score History
You have not taken this quiz